| 000 | 00736cam a2200277 4500 | ||
|---|---|---|---|
| 008 | 000000n1991 000 0 eng u | ||
| 020 | _aJ61425 | ||
| 035 | _a(Sirsi) u106504 | ||
| 041 | _aeng | ||
| 050 | _a333.0023 | ||
| 100 | _aMurdoch, John | ||
| 245 | 4 | _aThe ISVA CPD legal update 1991. | |
| 260 |
_aLondon _bISVA _c1991 |
||
| 300 | _axxxi,83p. ; 30cm. | ||
| 650 |
_aCompulsory purchase _96228 |
||
| 650 | _aCPD LEGAL UPDATE | ||
| 650 |
_aLANDLORD AND TENANT _96252 |
||
| 650 | _aLAW | ||
| 650 | _aPLANNING LAW | ||
| 650 | _aPROFESSIONAL PRACTICE | ||
| 690 | _aLAW | ||
| 700 | _aMurdoch, Sandi | ||
| 700 | _aOpstad, Christopher | ||
| 710 |
_aIncorporated Society of Valuers and Auctioneers _91201 |
||
| 942 | _n0 | ||
| 999 |
_c100559 _d100559 |
||